01295nam a2200217 a 450000100100000000500170001000800410002704000250006808200210009324500520011424600600016626000720022630000360029850002680033465000310060265100540063395201330068795201180082095201240093899900150106200000432220250621074004.0090721s19uu dr ac 001 0 spa d aDO-SdBNPbspacBNPHU a324.27293bC749i00aInforme político del Tercer Congreso del PTD.14aInforme político del Tercer Congreso Manolo Tavárez aSanto Domingo :bPartido de los Trabajadores Dominicanos,c[196-?]. a111 p. :bil., retrs. ;c21 cm. aEl presente documento recoge el contenido de dos de los temas discutidos y sancionados por el III congreso ordinafio del partido : Informe político y Orientacion para manejo del programa minimo, evento que tuvo lugar los días 28, 29 y 30 de diciembre de 1986. 0aPartidos políticos93367 0aRepública DominicanaxPolítica y gobierno945 001052708DSaGRbGRcCTd2009-07-21iLF1l0o324.27293 C749ip4322-30r2020-06-25te. 3w2020-06-25yLFDSZPréstamo interno 0010718PDaPDbPDcCTd2009-07-21iLF1l0o324.27293 C749ip4322-10r2020-06-25w2020-06-25yLFPDZNo se presta 0010718PDaPDbPDcCTd2009-07-21iLF1l0o324.27293 C749ip4322-20r2020-06-25te. 2w2020-06-25yLFPDZNo se presta c4131d4131